Loading...
| Beliefs | 1 | 1 | 0 | 1 | 25 | 69 | 106.00 | 1 | 2 |
| Science - Biology | 0 | 2 | 0 | 0 | 20 | 118 | 125.50 | 0 | 2 |
| Other Arts: Auditory | 0 | 2 | 0 | 0 | 20 | 94 | 111.00 | 1 | 2 |
| History - American History | 0 | 2 | 0 | 0 | 20 | 100 | 114.50 | 0 | 2 |
| Literature - American Literature | 1 | 0 | 0 | 0 | 15 | 55 | 55.00 | 1 | 1 |
| 0 | 2 | 2 | 0 | 10 | 113 | 124.50 | 0 | 2 | |
| Current Events | 0 | 1 | 0 | 0 | 10 | 109 | 109.00 | 0 | 1 |
| History - European History | 0 | 1 | 0 | 0 | 10 | 111 | 111.00 | 1 | 1 |
| History - World History | 0 | 1 | 0 | 0 | 10 | 121 | 121.00 | 1 | 1 |
| Literature - European Literature | 0 | 1 | 0 | 0 | 10 | 112 | 112.00 | 0 | 1 |
| Other Science: Astronomy | 0 | 1 | 0 | 0 | 10 | 112 | 112.00 | 0 | 1 |
| Other Science: Math | 0 | 1 | 0 | 1 | 10 | 149 | 149.00 | 1 | 1 |
| Philosophy | 0 | 1 | 0 | 1 | 10 | 125 | 125.00 | 0 | 1 |
| Fine Arts - Visual Fine Arts | 0 | 1 | 1 | 0 | 5 | 145 | 145.00 | 0 | 1 |
| Fine Arts - Auditory Fine Arts | 0 | 1 | 1 | 0 | 5 | 136 | 136.00 | 0 | 1 |
| Other Academic | 0 | 1 | 1 | 1 | 5 | 133 | 133.00 | 0 | 1 |
| Other Arts: Visual | 0 | 1 | 1 | 1 | 5 | 115 | 115.00 | 0 | 1 |
| Literature - British Literature | 0 | 0 | 1 | 0 | -5 | 0.00 | 0 | 0 | |
| Social Science | 0 | 0 | 2 | 0 | -10 | 0.00 | 0 | 0 |